000 nam a22 7a 4500
999 _c15333
_d15333
008 161031b xxu||||| |||| 00| 0 eng d
020 _a9780395433294
050 _aHG 179 .G37 1991
100 _aGarman,E.Thomas
245 _aPersonal finance/
_cE.Thomas Garman and Raymond E.Forgue
250 _a3rd ed.
260 _aBoston :
_bHoughton Mifflin Company ,
_cc1991
300 _axxii, 904p. :
_bill. ;
500 _aIncludes index.
650 _aFinance, Personal
700 _aForgue,Raymond E.
942 _2lcc
_cBOOKS
_hHG 179 .G37 1991